Michigan State Basketball: Top 10 All-Time Leaders - Statistics

General Stats
  • This quiz has been taken 205 times
    11 since last reset
  • The average score is 22 of 91
Answer Stats
Category # Player Amount % Correct
Points 6 Cassius Winston 1,969
80%
Assists 1 Cassius Winston 890
80%
Three Pointers Made 5 Cassius Winston 259
80%
Games T10 Cassius Winston 139
80%
Rebounds 1 Draymond Green 1,096
80%
Steals 2 Draymond Green 180
80%
Blocks 8 Draymond Green 116
80%
Games T2 Draymond Green 145
80%
Rebounds 3 John Green 1,036
80%
Points Per Game 10 Magic Johnson 17.1
80%
Field Goal Percent 9 Darryl Johnson 53.6%
70%
Rebounds 9 Denzel Valentine 855
70%
Assists 4 Denzel Valentine 639
70%
Three Pointers Made 4 Denzel Valentine 265
70%
Games 4 Denzel Valentine 144
70%
Rebounds 4 Antonio Smith 1,016
40%
Three Pointers Made 10 Jaden Akins 190
40%
Blocks T9 Jaren Jackson, Jr. 106
40%
Points 2 Steve Smith 2,263
40%
Points Per Game 4 Steve Smith 18.5
40%
Points 4 Greg Kelser 2,014
30%
Rebounds 2 Greg Kelser 1,092
30%
Field Goal Percent 6 Greg Kelser 54.1%
30%
Points Per Game 8 Greg Kelser 17.5
30%
Assists 2 Marteen Cleaves 816
30%
Steals 1 Marteen Cleaves 195
30%
Points 3 Scott Skiles 2,145
30%
Assists 3 Scott Skiles 645
30%
Steals 3 Scott Skiles 175
30%
Points Per Game 5 Scott Skiles 18.2
30%
Blocks 6 Adreian Payne 141
20%
Assists 7 Drew Neitzel 582
20%
Three Pointers Made 3 Drew Neitzel 273
20%
Points 7 Jay Vincent 1,914
20%
Points 5 Kalin Lucas 1,996
20%
Assists 9 Kalin Lucas 558
20%
Games 7 Kalin Lucas 141
20%
Three Pointers Made 9 Matt McQuaid 194
20%
Games T8 Matt McQuaid 140
20%
Points 10 Paul Davis 1,718
20%
Rebounds 5 Paul Davis 910
20%
Field Goal Percent 8 Paul Davis 53.8%
20%
Points 8 Sam Vincent 1,846
20%
Steals 8 Sam Vincent 159
20%
Points 1 Shawn Respert 2,531
20%
Three Pointers Made 1 Shawn Respert 331
20%
Points Per Game 2 Shawn Respert 21.2
20%
Three Pointers Made T7 Travis Trice 202
20%
Blocks 2 Xavier Tillman 153
20%
Assists 5 A.J. Hoggard 609
10%
Rebounds 7 Branden Dawson 887
10%
Steals 6 Branden Dawson 163
10%
Blocks 5 Branden Dawson 142
10%
Field Goal Percent 4 Branden Dawson 55.9%
10%
Games T8 Charlie Bell 140
10%
Games T2 Durrell Summers 145
10%
Steals 9 Keith Appling 151
10%
Games 6 Keith Appling 142
10%
Blocks 3 Matt Costello 146
10%
Blocks 4 Nick Ward 143
10%
Field Goal Percent 2 Nick Ward 60.5%
10%
Field Goal Percent 10 Raymar Morgan 52.8%
10%
Rebounds 10 Andre Hutson 835
0%
Field Goal Percent 3 Bill Kilgore 56.0%
0%
Steals 7 Chris Hill 162
0%
Three Pointers Made 2 Chris Hill 306
0%
Blocks T9 Delvon Roe 106
0%
Games T10 Derrick Nix 139
0%
Blocks 7 Drew Naymick 134
0%
Assists 6 Eric Snow 599
0%
Rebounds 8 Goran Suton 887
0%
Points Per Game 3 Julius McCoy 20.9
0%
Steals 10 Ken Redfield 150
0%
Three Pointers Made 6 Kirk Manns 212
0%
Games 1 Malik Hall 153
0%
Blocks 1 Marcus Bingham 168
0%
Assists 8 Mark Montgomery 561
0%
Steals 4 Mark Montgomery 168
0%
Field Goal Percent 7 Matt Steigenga 54.0%
0%
Three Pointers Made T7 Maurice Ager 202
0%
Rebounds 6 Mike Peplowski 902
0%
Field Goal Percent 1 Mike Peplowski 62.1%
0%
Points Per Game 1 Mike Robinson 24.2
0%
Points Per Game 9 Pete Gent 17.4
0%
Field Goal Percent 5 Quinton Brooks 54.7%
0%
Points Per Game 6 Stan Washington 18.0
0%
Points 9 Terry Furlow 1,777
0%
Points Per Game 7 Terry Furlow 17.8
0%
Assists 10 Travis Walton 555
0%
Steals 5 Travis Walton 167
0%
Games 5 Travis Walton 143
0%
No matching quizzes found
Score Distribution
Percent of People with Each Score
Percentile by Number Answered
Your Score History
You have not taken this quiz since the last reset